| 000 | 00416nam a2200181Ia 4500 | ||
|---|---|---|---|
| 008 | 170918s9999 xx 000 0 und d | ||
| 020 | _a44023722X | ||
| 050 | _bG869pa 2001 | ||
| 100 | _aGrisham, John | ||
| 245 | 2 | _aA painted house / | |
| 245 | _cby John Grisham. | ||
| 260 | _aCanada : | ||
| 260 | _bDell Book, | ||
| 260 | _c2001 | ||
| 300 | _a465 pages : | ||
| 300 | _billustrations ; | ||
| 300 | _c17cm. | ||
| 999 |
_c343418 _d343418 |
||